[Event "POL-ch U20"]
[Site "Chotowa"]
[Date "2023.10.29"]
[Round "7"]
[White "Karas, Kacper"]
[Black "Boryna, Szymon"]
[Result "1/2-1/2"]
[WhiteElo "1445"]
[BlackElo "1463"]
[PlyCount "65"]
[EventDate "2023.10.24"]
[EventType "swiss"]
[EventRounds "9"]
[EventCountry "POL"]
[SourceTitle "Mega2024 Update 01"]
[Source "Chessbase"]
[SourceDate "2023.11.12"]
[SourceVersion "1"]
[SourceVersionDate "2023.11.12"]
[SourceQuality "1"]

1. d4 d5 2. c4 e6 3. Nf3 Nf6 4. g3 dxc4 5. Bg2 c5 6. 0-0 Nc6 7. Qa4 Bd7 8. Qxc4 cxd4 9. Nxd4 Rc8 10. Nxc6 Bxc6 11. Bxc6+ Rxc6 12. Qa4 Bc5 13. Bg5 0-0 14. Nc3 h6 15. Rad1 Qe7 16. Bxf6 Qxf6 17. Ne4 Qxb2 18. Nxc5 Rxc5 19. Qxa7 Rc2 20. e3 Qxa2 21. Qxb7 Rd2 22. Rxd2 Qxd2 23. Ra1 Rd8 24. Ra8 Qd1+ 25. Kg2 Rxa8 26. Qxa8+ Kh7 27. Qe4+ Kg8 28. Qa8+ Kh7 29. Qe4+ Kg8 30. Qb7 Qd3 31. h3 Qc2 32. Qa8+ Kh7 33. Qb7 1/2-1/2